000 01977nam a22003617a 4500
003 OSt
005 20260416130514.0
008 260415t2021 xxu||||| |||| 00| 0 eng d
020 _a9786074488562
040 _aUnicoc
_bspa
_c00001
_d00001
082 _a808.066
110 _912980
_aAPA (American Psychological Association)
245 _a Publication manual of the American Psychological Association
_b: The Oficial Guide the APA Style
_c/ APA (American Psychological Association)
246 _aNormas APA séptima Edición
250 _a7 Ed.
260 _aEEUU :
_bAPA Psycnet ,
_c2020
500 _aIncluye Índice y Referencias bibliográficas
505 _tChapter 1: Scholarly writing and publishing principles. --
_tChapter 2: Paper elements and format. --
_tChapter 3: Journal article reporting standards. --
_tChapter 4: Writing style and grammar. --
_tChapter 5: Bias-free language guidelines. --
_tChapter 6: Mechanics of style. --
_tChapter 7: Tables and figures. --
_tChapter 8: Works credited in the text. --
_tChapter 9: Reference list. --
_tChapter 10: Reference examples. --
_tChapter 11: Legal references. --
_tChapter 12: Publication process.
526 _5Unicoc
546 _aInglés
650 0 _98330
_aEscritura
_xManuales
650 0 _94610
_aCiencias sociales
_vPublicaciones
_xManuales
650 0 _91575
_aNorma - Redacción de escritos técnicos.
_xManuales
650 0 _9453
_aPsicología
_vPublicaciones
_xManuales
650 0 _911231
_aNormas de citacion y referenciación
650 0 _912973
_aNormas APA
658 0 _910741
_aPrograma de Psicología
658 0 _98008
_aPrograma de Derecho
658 0 _98314
_aPrograma de Negocios Internacionales
658 0 _98382
_aPrograma de Administración de Empresas
856 _yAcceso online exclusivo para comunidad Unicoc.
_uhttps://unicoceduco-my.sharepoint.com/:b:/g/personal/direccionbiblioteca_unicoc_edu_co/IQCVoV6FKW1BR6v49kArppxuAXz8ZFGaEQu8QxuAh_q7eQA
942 _2ddc
_cEBOOK
999 _c10857
_d10857